[Event "Deutsche Ländermeisterschaft 2013"]
[Site "Hannover GER"]
[Date "2013.10.06"]
[Round "7"]
[White "Reinecke, Katharina"]
[Black "Bui, Ngoc Han Julia"]
[Result "1-0"]
[Termination "normal"]
[Board "5.8"]
[WhiteTitle "12w"]
[BlackTitle "12w"]
[WhiteElo "1597"]
[BlackElo "1386"]
[WhiteTeam "Hessen"]
[BlackTeam "Sachsen"]
[WhiteFideId "12929727"]
[BlackFideId "12977055"]
[EventCountry "GER"]
[EventRounds "7"]
[EventType "team-swiss"]
[EventDate "2013.10.02"]

1. e4 c5 2. Nf3 d6 3. d4 cxd4 4. Nxd4 Nf6 5. f3 e6 6. c4 Nbd7 7. Nc3 a6 8. Be3
Qc7 9. Be2 Be7 10. O-O b6 11. Rc1 Bb7 12. b3 O-O 13. Re1 Rac8 14. Qd2 Rfe8 15.
Red1 Bf8 16. Bf2 Qb8 17. Bg3 Nh5 18. Bf2 Nhf6 19. Nc2 Ba8 20. Bg3 e5 21. Ne3
Red8 22. Bh4 Re8 23. Nf5 Rc6 24. Qg5 Kh8 25. Rd3 Nc5 26. Rdd1 Ne6 27. Qd2 Nh5
28. Nd5 Qa7 29. Bf2 Qb8 30. Qe3 b5 31. Nb4 Rcc8 32. Nxa6 Qb7 33. cxb5 Nhf4 34.
Rxc8 Rxc8 35. Nxd6 Bxd6 36. Rxd6 Nxe2+ 37. Qxe2 Rc1+ 38. Be1 Qa7+ 39. Kh1 h6
40. Qd2 Rc8 41. Bf2 Qb7 42. Rb6 Qe7 43. Rd6 Nf4 44. Bc5 Qb7 45. Rb6 1-0

[Event "Deutsche Ländermeisterschaft 2013"]
[Site "Hannover GER"]
[Date "2013.10.06"]
[Round "7"]
[White "Pixa, Richard"]
[Black "Powierski, Emil"]
[Result "1/2-1/2"]
[Termination "normal"]
[Board "6.1"]
[WhiteTitle "16"]
[BlackTitle "18"]
[WhiteElo "1929"]
[BlackElo "2210"]
[WhiteTeam "Berlin"]
[BlackTeam "Schleswig-Holstein"]
[WhiteFideId "4626095"]
[BlackFideId "4656199"]
[EventCountry "GER"]
[EventRounds "7"]
[EventType "team-swiss"]
[EventDate "2013.10.02"]

1. d4 Nf6 2. c4 e6 3. Nc3 Bb4 4. Qc2 O-O 5. e4 d5 6. e5 Ne4 7. Bd3 c5 8. Nge2
cxd4 9. Nxd4 Nd7 10. Bf4 Qh4 11. g3 Qh5 12. Be2 Qg6 13. a3 Nxc3 14. Bd3 Nb5+
15. axb4 Nxd4 16. Bxg6 Nxc2+ 17. Bxc2 dxc4 18. Ke2 Nb6 19. Be3 Bd7 20. Be4 Nd5
21. Bxa7 c3 22. Bd4 Bb5+ 23. Kf3 cxb2 24. Bxb2 Bc6 25. b5 Bxb5 26. Bxd5 exd5
27. Rxa8 Rxa8 28. Ra1 Rd8 29. Ke3 Kf8 30. Ra5 Bc6 31. Ba3+ Ke8 32. Kd4 Kd7 33.
f4 f6 34. Bd6 Ke6 35. Ra3 Kf5 36. h3 h5 37. Ke3 g5 38. Be7 gxf4+ 39. gxf4 d4+
40. Kd2 Rg8 41. exf6 Ke6 42. Rd3 Rg2+ 43. Ke1 Rh2 44. f5+ Kf7 45. Rg3 Rg2 46.
Rd3 Rh2 47. Rg3 1/2-1/2

[Event "Deutsche Ländermeisterschaft 2013"]
[Site "Hannover GER"]
[Date "2013.10.06"]
[Round "7"]
[White "Krause, Benedict"]
[Black "Greßmann, Moritz"]
[Result "1-0"]
[Termination "normal"]
[Board "6.2"]
[WhiteTitle "16"]
[BlackTitle "14"]
[WhiteElo "2142"]
[BlackElo "1889"]
[WhiteTeam "Schleswig-Holstein"]
[BlackTeam "Berlin"]
[WhiteFideId "12917990"]
[BlackFideId "24695084"]
[EventCountry "GER"]
[EventRounds "7"]
[EventType "team-swiss"]
[EventDate "2013.10.02"]

1. e4 d6 2. d4 Nf6 3. Nc3 g6 4. f4 Bg7 5. Nf3 O-O 6. e5 dxe5 7. fxe5 Nd5 8. Bc4
c6 9. O-O h6 10. Qe2 Be6 11. Ne4 Nd7 12. c3 Qc7 13. Bb3 b5 14. Qf2 Bf5 15. Bc2
N7b6 16. Qh4 h5 17. h3 Nc4 18. Re1 f6 19. g4 hxg4 20. hxg4 Bc8 21. Neg5 fxg5
22. Nxg5 Rf4 23. Qh7+ Kf8 24. Bxf4 Nxf4 25. Rf1 1-0

[Event "Deutsche Ländermeisterschaft 2013"]
[Site "Hannover GER"]
[Date "2013.10.06"]
[Round "7"]
[White "Donath, Johann"]
[Black "Kololli, Kevin"]
[Result "0-1"]
[Termination "normal"]
[Board "6.3"]
[WhiteTitle "16"]
[BlackTitle "14"]
[WhiteElo "1967"]
[BlackElo "1976"]
[WhiteTeam "Berlin"]
[BlackTeam "Schleswig-Holstein"]
[WhiteFideId "24685160"]
[BlackFideId "12936863"]
[EventCountry "GER"]
[EventRounds "7"]
[EventType "team-swiss"]
[EventDate "2013.10.02"]

1. e4 Nf6 2. e5 Nd5 3. d4 d6 4. Nf3 g6 5. Be2 Bg7 6. exd6 cxd6 7. O-O O-O 8. c3
Nc6 9. Re1 h6 10. Nbd2 e5 11. dxe5 dxe5 12. Bb5 Nde7 13. Nb3 Bg4 14. h3 Qxd1
15. Rxd1 Bxf3 16. gxf3 Rad8 17. Be3 b6 18. a4 Rxd1+ 19. Rxd1 Rd8 20. Rxd8+ Nxd8
21. a5 Nd5 22. Bd2 Ne6 23. Bf1 f5 24. Bc4 Nec7 25. Be3 Kf8 26. axb6 axb6 27.
Bd2 Ke7 28. Nc1 Kd6 29. Ne2 h5 30. Ba2 b5 31. Kf1 Bf6 32. f4 e4 33. Ke1 Bh4 34.
Bxd5 Nxd5 35. Kf1 Bf6 36. Ke1 Nb6 37. b3 Nd5 38. Kd1 Bh4 39. Be3 Bf6 40. Kd2 h4
41. Kc2 Nc7 42. Nd4 Bxd4 43. cxd4 b4 44. Bd2 Na6 45. Kd1 Kd5 46. Be3 Nc7 47.
Bd2 Ne6 48. Bxb4 Nxf4 49. Be7 Nxh3 50. Ke2 Ng1+ 51. Kf1 Nf3 52. Bf6 h3 0-1

[Event "Deutsche Ländermeisterschaft 2013"]
[Site "Hannover GER"]
[Date "2013.10.06"]
[Round "7"]
[White "Schwarzat, Julian"]
[Black "Leyrer, Thomas"]
[Result "1-0"]
[Termination "normal"]
[Board "6.4"]
[WhiteTitle "20"]
[BlackTitle "16"]
[WhiteElo "2021"]
[BlackElo "1769"]
[WhiteTeam "Schleswig-Holstein"]
[BlackTeam "Berlin"]
[WhiteFideId "24675857"]
[BlackFideId "12908274"]
[EventCountry "GER"]
[EventRounds "7"]
[EventType "team-swiss"]
[EventDate "2013.10.02"]

1. e3 d5 2. f4 g6 3. Nf3 Bg7 4. d4 Nf6 5. Bd3 c5 6. c3 b6 7. O-O O-O 8. Bd2 Nc6
9. Be1 Qc7 10. Ne5 cxd4 11. exd4 a5 12. Qe2 e6 13. Nd2 Nd7 14. Bg3 Ndxe5 15.
fxe5 Qe7 16. Nf3 f6 17. exf6 Bxf6 18. Rae1 Bd7 19. Bb5 Rae8 20. Bxc6 Bxc6 21.
Be5 Bd7 22. Bxf6 Rxf6 23. Ne5 Rxf1+ 24. Rxf1 Rf8 25. Rxf8+ Kxf8 26. Qa6 Qd6 27.
Qxb6 1-0

[Event "Deutsche Ländermeisterschaft 2013"]
[Site "Hannover GER"]
[Date "2013.10.06"]
[Round "7"]
[White "Lagunow, Elina"]
[Black "Polert, Annika"]
[Result "1/2-1/2"]
[Termination "normal"]
[Board "6.5"]
[WhiteTitle "16w"]
[BlackTitle "18w"]
[WhiteElo "1736"]
[BlackElo "1842"]
[WhiteTeam "Berlin"]
[BlackTeam "Schleswig-Holstein"]
[WhiteFideId "4673387"]
[BlackFideId "24692328"]
[EventCountry "GER"]
[EventRounds "7"]
[EventType "team-swiss"]
[EventDate "2013.10.02"]

1. Nf3 d5 2. g3 Nf6 3. Bg2 e6 4. O-O Be7 5. c4 O-O 6. d3 b6 7. Nc3 Bb7 8. e3 c5
9. b3 a6 10. Bb2 Qc7 11. Qe2 Rd8 12. d4 Nbd7 13. Rfd1 Nf8 14. Rac1 dxc4 15.
bxc4 Rac8 16. Nb1 N8d7 17. Nbd2 Qb8 18. h3 Qa8 19. Kh2 Ne4 20. Nxe4 Bxe4 21.
Ne1 Bxg2 22. Nxg2 Bf6 23. Ne1 Qb7 24. Qf3 Qxf3 25. Nxf3 b5 26. Rc2 cxd4 27.
Bxd4 Nf8 28. Rdc1 Bxd4 29. Nxd4 b4 30. c5 e5 1/2-1/2

[Event "Deutsche Ländermeisterschaft 2013"]
[Site "Hannover GER"]
[Date "2013.10.06"]
[Round "7"]
[White "Rieß, Alexander"]
[Black "Schnabel, Bennett"]
[Result "1/2-1/2"]
[Termination "normal"]
[Board "6.6"]
[WhiteTitle "12"]
[BlackTitle "12"]
[WhiteElo "1776"]
[BlackElo "1713"]
[WhiteTeam "Schleswig-Holstein"]
[BlackTeam "Berlin"]
[WhiteFideId "12953326"]
[BlackFideId "12943290"]
[EventCountry "GER"]
[EventRounds "7"]
[EventType "team-swiss"]
[EventDate "2013.10.02"]

1. e4 c5 2. Nf3 g6 3. d3 Bg7 4. g3 d6 5. Bg2 Nc6 6. O-O e6 7. Nbd2 Nge7 8. Qe2
O-O 9. Re1 Qc7 10. Nf1 Bd7 11. h4 Rab8 12. h5 b5 13. Ne3 a5 14. a4 bxa4 15. Nc4
e5 16. c3 Bg4 17. h6 Bh8 18. Ne3 Bd7 19. Nh4 Nd8 20. Qf3 Ne6 21. Nhf5 gxf5 22.
exf5 Ng6 23. fxg6 fxg6 24. Qe2 Rf7 25. Nd5 Qa7 26. Be4 Bf6 27. Be3 Bg5 28. Rab1
Bxe3 29. Qxe3 Rbf8 30. Rf1 Kh8 31. Bg2 Nc7 32. f4 1/2-1/2

[Event "Deutsche Ländermeisterschaft 2013"]
[Site "Hannover GER"]
[Date "2013.10.06"]
[Round "7"]
[White "Greßmann, Hanna"]
[Black "Rosmait, Emily"]
[Result "1/2-1/2"]
[Termination "normal"]
[Board "6.7"]
[WhiteTitle "16w"]
[BlackTitle "16w"]
[WhiteElo "1529"]
[BlackElo "1733"]
[WhiteTeam "Berlin"]
[BlackTeam "Schleswig-Holstein"]
[WhiteFideId "12930709"]
[BlackFideId "12937754"]
[EventCountry "GER"]
[EventRounds "7"]
[EventType "team-swiss"]
[EventDate "2013.10.02"]

1. e4 e5 2. Nf3 Nc6 3. Bc4 Nf6 4. d3 Be7 5. c3 d6 6. O-O O-O 7. Nbd2 Na5 8. Bb5
a6 9. Ba4 b5 10. Bc2 c5 11. b4 Nc6 12. a3 Bd7 13. Bb3 Qb6 14. Re1 a5 15. bxc5
dxc5 16. Nf1 h6 17. Ne3 Rfe8 18. Nd5 Qd8 19. Nxe7+ Qxe7 20. h3 Be6 21. Bxe6
Qxe6 22. Nh4 b4 23. cxb4 axb4 24. Qc2 Nd4 25. Qb2 b3 26. Rb1 Nc2 27. Rd1 Nxa3
28. Qxb3 Nxb1 29. Qxb1 c4 30. Nf5 cxd3 31. Qxd3 Qb6 32. Qg3 Nh5 33. Qh4 Nf4 34.
Bxf4 exf4 35. Qxf4 Qe6 36. f3 Qe5 37. Qg4 Qf6 38. Ng3 Qg5 39. Qxg5 hxg5 40. Rd5
f6 41. Rd7 Red8 42. Rxd8+ Rxd8 43. Nf5 Rd2 44. Ne3 Kf7 45. Kh2 Ke6 46. Ng4 Ra2
47. Kg3 g6 48. Ne3 Re2 49. Nf1 Ke5 50. Kh2 Kf4 51. Ng3 Rf2 52. Nh1 Rf1 53. Ng3
Rf2 54. Nh1 Rb2 55. Ng3 Ra2 56. Nf1 f5 57. exf5 gxf5 58. Ng3 Rb2 59. Nf1 g4 60.
fxg4 fxg4 61. hxg4 Kxg4 62. Ng3 Rb8 63. Nf1 Rh8+ 64. Kg1 Kf4 65. Kf2 Ke4 66. g3
Ra8 67. Kg2 Ra2+ 68. Kh3 Kf3 69. Nh2+ Kf2 70. Ng4+ Kf3 71. Nh2+ Ke4 72. Ng4 Ra1
73. Nh2 Rg1 74. Ng4 Kf3 75. Nh2+ Ke2 76. Ng4 Rh1+ 77. Kg2 Rf1 78. Kh3 Rf8
1/2-1/2

[Event "Deutsche Ländermeisterschaft 2013"]
[Site "Hannover GER"]
[Date "2013.10.06"]
[Round "7"]
[White "Köhler, Inken"]
[Black "Schnabel, Luise"]
[Result "1-0"]
[Termination "normal"]
[Board "6.8"]
[WhiteTitle "12w"]
[BlackTitle "12w"]
[WhiteElo "1596"]
[BlackElo "1417"]
[WhiteTeam "Schleswig-Holstein"]
[BlackTeam "Berlin"]
[WhiteFideId "12929301"]
[BlackFideId "12943347"]
[EventCountry "GER"]
[EventRounds "7"]
[EventType "team-swiss"]
[EventDate "2013.10.02"]

1. e4 e5 2. Nf3 Nc6 3. d4 exd4 4. Nxd4 Bc5 5. Nb3 Bb6 6. Be2 Nf6 7. Nc3 O-O 8.
a4 a5 9. Bg5 h6 10. Bh4 Re8 11. Qc1 g5 12. Bxg5 hxg5 13. Qxg5+ Kf8 14. Qh6+ Ke7
15. O-O-O d6 16. Bb5 Rg8 17. Nd5+ Nxd5 18. exd5 Ne5 19. f4 Ng4 20. Rhe1+ Be3+
21. Rxe3+ Nxe3 22. Re1 c6 23. Rxe3+ Kd7 24. Qh7 Qf8 25. dxc6+ bxc6 26. Bxc6+
Kxc6 27. Qe4+ Kc7 28. Qxa8 Rxg2 29. Qxg2 Bd7 30. Rc3+ Kd8 31. Qa8+ Ke7 32. Re3+
Be6 33. Qxf8+ Kxf8 34. Rxe6 fxe6 35. Nxa5 Kf7 36. Nc4 d5 37. Ne5+ Kf6 38. a5
Kf5 39. a6 Kxf4 40. a7 Kxe5 41. a8=Q Ke4 42. Kd2 e5 43. h4 Kf4 44. Qxd5 Kg4 45.
Qxe5 Kxh4 46. Qg7 Kh5 47. Ke3 Kh4 48. Kf4 1-0

[Event "Deutsche Ländermeisterschaft 2013"]
[Site "Hannover GER"]
[Date "2013.10.06"]
[Round "7"]
[White "Heyne, Lukas"]
[Black "Frischmann, Rick"]
[Result "1/2-1/2"]
[Termination "normal"]
[Board "7.1"]
[WhiteTitle "18"]
[BlackTitle "20"]
[WhiteElo "2094"]
[BlackElo "2230"]
[WhiteTeam "Bremen"]
[BlackTeam "Saarland"]
[WhiteFideId "24618080"]
[BlackFideId "24660752"]
[EventCountry "GER"]
[EventRounds "7"]
[EventType "team-swiss"]
[EventDate "2013.10.02"]

1. e4 c5 2. Nf3 e6 3. b3 b6 4. Bb2 Bb7 5. Nc3 a6 6. d4 cxd4 7. Nxd4 Bb4 8. a3
Bxc3+ 9. Bxc3 Nf6 10. f3 Qc7 11. Qd2 Bxe4 12. Bb2 Bg6 13. O-O-O Nc6 14. Ne2 Na5
15. Bc3 Rc8 16. Kb2 Nd5 17. Rc1 Nxc3 18. Nxc3 b5 19. h4 h5 20. Bd3 Bxd3 21.
Qxd3 Nc6 22. Rhe1 b4 23. axb4 Nxb4 24. Qd4 Qxc3+ 25. Qxc3 Rxc3 26. Kxc3 Na2+
27. Kd3 Nxc1+ 28. Rxc1 Ke7 29. Ra1 Ra8 30. Ra5 g6 31. c4 Rb8 32. Kc3 Rb6 33. b4
d6 34. g4 e5 35. gxh5 gxh5 36. c5 Rc6 37. Kd3 Ke6 38. f4 dxc5 39. bxc5 Kd5 40.
fxe5 Rxc5 41. Rxa6 Kxe5 42. Ra4 f5 43. Ke3 Rb5 44. Kf3 Rb3+ 45. Kf2 Rd3 46.
Ra5+ Ke4 47. Kg2 Rd5 48. Ra8 f4 49. Re8+ Re5 50. Ra8 Re6 51. Ra5 Re5 52. Ra8
Rc5 53. Re8+ Kf5 54. Rg8 Rc2+ 55. Kf3 Rc3+ 56. Kf2 Rc2+ 1/2-1/2

[Event "Deutsche Ländermeisterschaft 2013"]
[Site "Hannover GER"]
[Date "2013.10.06"]
[Round "7"]
[White "Grewenig, Jan"]
[Black "Kollars, Dmitrij"]
[Result "1/2-1/2"]
[Termination "normal"]
[Board "7.2"]
[WhiteTitle "18"]
[BlackTitle "14"]
[WhiteElo "2025"]
[BlackElo "2068"]
[WhiteTeam "Saarland"]
[BlackTeam "Bremen"]
[WhiteFideId "4657330"]
[BlackFideId "12909572"]
[EventCountry "GER"]
[EventRounds "7"]
[EventType "team-swiss"]
[EventDate "2013.10.02"]

1. b4 e5 2. Bb2 Bxb4 3. Bxe5 Nf6 4. Nf3 O-O 5. g3 d5 6. Bg2 Re8 7. O-O c5 8.
Bb2 Nc6 9. d3 Qe7 10. e3 Bf5 11. Nbd2 Ba5 12. Rb1 Bb6 13. Nh4 Be6 14. Qf3 d4
15. Nf5 Bxf5 16. Qxf5 dxe3 17. Bxc6 bxc6 18. Bxf6 Qxf6 19. Qxf6 gxf6 20. Nc4
exf2+ 21. Rxf2 Re6 22. a4 Kg7 23. a5 Bc7 24. Rb7 Be5 25. Kf1 Kg6 26. Re2 h5 27.
Re4 Ree8 28. a6 Kf5 29. Rxf7 Ke6 30. Rh7 Rh8 31. Rc7 Rhc8 32. Rg7 Rg8 33. Rb7
Rgb8 34. Na5 Kd6 35. Rh4 Rxb7 36. Nxb7+ Kc7 37. Nxc5 Kb6 38. d4 Bd6 39. Rxh5
Re8 40. Kf2 Bxc5 41. Rxc5 Re6 42. h4 Kxa6 43. g4 Kb6 44. c3 a5 45. h5 a4 46. h6
Re7 47. Rh5 Rh7 48. Ke3 a3 49. Rh2 a2 50. Rxa2 Rxh6 51. Kf4 Rh3 52. Rf2 Rxc3
53. Kf5 Rc4 54. Rd2 Kb5 55. Kxf6 c5 56. Ke5 Kc6 57. d5+ Kd7 58. g5 Rg4 59. Kf6
Kd6 60. g6 Rg1 61. g7 Rf1+ 62. Kg6 Rg1+ 63. Kf7 Rf1+ 64. Kg8 Rg1 65. Rf2 Kxd5
66. Kf7 c4 67. Rf6 Rxg7+ 68. Kxg7 1/2-1/2

[Event "Deutsche Ländermeisterschaft 2013"]
[Site "Hannover GER"]
[Date "2013.10.06"]
[Round "7"]
[White "Sonnhalter, Stella"]
[Black "Kügel, Tobias"]
[Result "0-1"]
[Termination "normal"]
[Board "7.4"]
[WhiteTitle "20w"]
[BlackTitle "18"]
[WhiteElo "1806"]
[BlackElo "2086"]
[WhiteTeam "Saarland"]
[BlackTeam "Bremen"]
[WhiteFideId "4624815"]
[BlackFideId "4636295"]
[EventCountry "GER"]
[EventRounds "7"]
[EventType "team-swiss"]
[EventDate "2013.10.02"]

1. e4 Nf6 2. e5 Nd5 3. c4 Nb6 4. d4 d6 5. exd6 exd6 6. Nc3 Be7 7. Be3 O-O 8.
Be2 Bf6 9. Nf3 Bf5 10. Rc1 Nc6 11. O-O Re8 12. Qd2 d5 13. cxd5 Nxd5 14. Nxd5
Qxd5 15. Rc5 Qe4 16. Qc3 g6 17. Qb3 Bxd4 18. Nxd4 Nxd4 19. Bxd4 Qxd4 20. Rxc7
Be6 21. Qb5 Bxa2 22. Bf3 Rad8 23. Qxb7 Bc4 24. Rc1 Qd1+ 0-1

[Event "Deutsche Ländermeisterschaft 2013"]
[Site "Hannover GER"]
[Date "2013.10.06"]
[Round "7"]
[White "Rockmann, Jan-Okke"]
[Black "Müller, Sophie"]
[Result "1-0"]
[Termination "normal"]
[Board "7.5"]
[WhiteTitle "12"]
[BlackTitle "14w"]
[WhiteElo "1783"]
[BlackElo "1444"]
[WhiteTeam "Bremen"]
[BlackTeam "Saarland"]
[WhiteFideId "12942111"]
[BlackFideId "12926698"]
[EventCountry "GER"]
[EventRounds "7"]
[EventType "team-swiss"]
[EventDate "2013.10.02"]

1. e4 c5 2. Nf3 d6 3. d4 cxd4 4. Nxd4 Nf6 5. Nc3 a6 6. Be3 e5 7. Nf3 Be6 8. Ng5
Qc8 9. Nxe6 Qxe6 10. Be2 Be7 11. O-O O-O 12. Bf3 a5 13. h3 Na6 14. Qd2 Nc7 15.
Rad1 Rfd8 16. Bb6 Qd7 17. b3 Rdc8 18. Na4 Qb5 19. c4 Qa6 20. Be3 Rd8 21. Nb6
Rab8 22. a4 Nd7 23. Nxd7 Rxd7 24. Bg4 Rdd8 25. Qc2 Qc6 26. Qb1 Na6 27. Rd5 b6
28. Rfd1 Nb4 29. R5d2 h6 30. f4 Qc7 31. Kh1 Bf6 32. g3 Be7 33. fxe5 dxe5 34.
Rd7 Qc6 35. Rxe7 Rxd1+ 36. Qxd1 Qxe4+ 37. Qf3 Qxf3+ 38. Bxf3 f6 39. Rd7 Na6 40.
Bd5+ Kh8 41. Rb7 Rxb7 42. Bxb7 Nc5 43. Bxc5 bxc5 44. g4 Kg8 45. Kg2 Kf7 46. Kf3
Ke6 47. Ke4 g6 48. Bd5+ Ke7 49. h4 Kf8 50. Be6 Ke7 51. Kd5 g5 52. h5 e4 53. Bf5
e3 54. Bd3 Kd7 55. Kxc5 Ke6 56. Kd4 e2 57. Bxe2 f5 58. c5 f4 59. Bf3 1-0

[Event "Deutsche Ländermeisterschaft 2013"]
[Site "Hannover GER"]
[Date "2013.10.06"]
[Round "7"]
[White "Bureik, Nicolas"]
[Black "Erofeev, Anastasia"]
[Result "1/2-1/2"]
[Termination "normal"]
[Board "7.6"]
[WhiteTitle "12"]
[BlackTitle "20w"]
[WhiteElo "1299"]
[BlackElo "1763"]
[WhiteTeam "Saarland"]
[BlackTeam "Bremen"]
[WhiteFideId "12971863"]
[BlackFideId "12917915"]
[EventCountry "GER"]
[EventRounds "7"]
[EventType "team-swiss"]
[EventDate "2013.10.02"]

1. d4 d5 2. Nf3 c6 3. g3 Bf5 4. Bg2 e6 5. O-O h6 6. Nbd2 Nf6 7. c4 Nbd7 8. c5
Be7 9. b4 O-O 10. a4 a6 11. Bb2 Ne4 12. Qb3 b6 13. Nxe4 Bxe4 14. Nd2 Bxg2 15.
Kxg2 bxc5 16. bxc5 Rb8 17. Qa3 Bf6 18. Bc3 e5 19. e3 Qe7 20. Rfe1 e4 21. Rab1
h5 22. Ba5 Rfc8 23. Rxb8 Rxb8 24. Rb1 Qe8 25. Rb3 Bd8 26. Bxd8 Qxd8 27. Rxb8
Qxb8 28. Qb3 Kf8 29. Qxb8+ Nxb8 30. Nb3 Ke7 31. Na5 f6 32. Kf1 Ke6 33. Kg2 g6
34. Kf1 Kd7 35. Kg2 Kc7 36. h4 Nd7 37. Kh3 f5 38. Kg2 Nf6 39. Kg1 Nh7 40. Kh2
Nf8 41. Kg2 Ne6 42. Kh3 Nd8 43. Kg2 Kd7 44. Kh2 Ke6 45. Kg2 Kf6 46. Kh2 Kg7 47.
Kg2 g5 48. Kh3 Kg6 49. Kh2 f4 50. gxf4 gxf4 51. exf4 Kf5 52. Kg3 Ke6 53. Kg2
Kd7 54. f5 Ke7 55. Kg3 Kf7 56. f6 Kxf6 57. Kf4 Ne6+ 58. Ke3 Nd8 1/2-1/2

[Event "Deutsche Ländermeisterschaft 2013"]
[Site "Hannover GER"]
[Date "2013.10.06"]
[Round "7"]
[White "Silber, Stefanie"]
[Black "Recktenwald, Cedric"]
[Result "1-0"]
[Termination "normal"]
[Board "7.7"]
[WhiteTitle "14w"]
[BlackTitle "12"]
[WhiteElo "1342"]
[BlackElo "1258"]
[WhiteTeam "Bremen"]
[BlackTeam "Saarland"]
[WhiteFideId "12918245"]
[BlackFideId "12971928"]
[EventCountry "GER"]
[EventRounds "7"]
[EventType "team-swiss"]
[EventDate "2013.10.02"]

1. e4 e5 2. Nf3 Nc6 3. d4 exd4 4. Nxd4 Bc5 5. Be3 Qf6 6. c3 Nge7 7. Bc4 Ne5 8.
Be2 d5 9. f4 Ng4 10. Bxg4 Qh4+ 11. Bf2 Qxg4 12. Qxg4 Bxg4 13. Nb5 Bxf2+ 14.
Kxf2 O-O-O 15. e5 a6 16. Nd4 c5 17. Nf3 Rhf8 18. Nbd2 f6 19. g3 Ng6 20. Rhe1
Bxf3 21. Nxf3 fxe5 22. Nxe5 Nxe5 23. Rxe5 Rfe8 24. Rae1 Rxe5 25. Rxe5 Kc7 26.
Ke3 Rd7 27. g4 Kd6 28. h4 Re7 29. Rxe7 Kxe7 30. f5 b5 31. b4 c4 32. Kd4 Kd6 33.
g5 g6 34. f6 Ke6 35. f7 Kxf7 36. Kxd5 Ke7 37. Ke5 1-0

[Event "Deutsche Ländermeisterschaft 2013"]
[Site "Hannover GER"]
[Date "2013.10.06"]
[Round "7"]
[White "Weiten, Teresa"]
[Black "Sinnhöfer, Lilian"]
[Result "1-0"]
[Termination "normal"]
[Board "7.8"]
[WhiteTitle "12w"]
[BlackTitle "12w"]
[WhiteElo "976"]
[BlackElo "972"]
[WhiteTeam "Saarland"]
[BlackTeam "Bremen"]
[WhiteFideId "12971944"]
[BlackFideId "12977586"]
[EventCountry "GER"]
[EventRounds "7"]
[EventType "team-swiss"]
[EventDate "2013.10.02"]

1. e4 e5 2. Nf3 Nc6 3. Nc3 Nf6 4. d4 exd4 5. Nxd4 Bb4 6. Nxc6 dxc6 7. Bd3 h6 8.
O-O O-O 9. Qf3 Bg4 10. Qg3 Re8 11. h3 Bh5 12. Bxh6 g6 13. Rfe1 Qd7 14. Bc4 Rad8
15. Rad1 Qe7 16. e5 Nh7 17. f4 Bxd1 18. Qxg6+ Kh8 19. Qg7# 1-0

[Event "Deutsche Ländermeisterschaft 2013"]
[Site "Hannover GER"]
[Date "2013.10.06"]
[Round "7"]
[White "Kololli, Martin"]
[Black "Kugler, Florian"]
[Result "1-0"]
[Termination "normal"]
[Board "8.1"]
[WhiteTitle "14"]
[BlackTitle "20"]
[WhiteElo "1988"]
[BlackElo "2236"]
[WhiteTeam "Team Nord"]
[BlackTeam "Hamburg"]
[WhiteFideId "12936910"]
[BlackFideId "4633300"]
[EventCountry "GER"]
[EventRounds "7"]
[EventType "team-swiss"]
[EventDate "2013.10.02"]

1. e4 e5 2. Nf3 Nc6 3. Bc4 Bc5 4. c3 Nf6 5. d4 exd4 6. cxd4 Bb4+ 7. Bd2 Qe7 8.
O-O O-O 9. e5 Ne4 10. Bxb4 Nxb4 11. Qe1 d5 12. exd6 1-0

[Event "Deutsche Ländermeisterschaft 2013"]
[Site "Hannover GER"]
[Date "2013.10.06"]
[Round "7"]
[White "Kramer, Julian"]
[Black "Celmer, Ole"]
[Result "1-0"]
[Termination "normal"]
[Board "8.2"]
[WhiteTitle "16"]
[BlackTitle "20"]
[WhiteElo "2137"]
[BlackElo "1908"]
[WhiteTeam "Hamburg"]
[BlackTeam "Team Nord"]
[WhiteFideId "12921742"]
[BlackFideId "24657107"]
[EventCountry "GER"]
[EventRounds "7"]
[EventType "team-swiss"]
[EventDate "2013.10.02"]

1. e4 e5 2. Nf3 Nc6 3. Bb5 a6 4. Ba4 Nf6 5. O-O Be7 6. Re1 b5 7. Bb3 O-O 8. a4
b4 9. d4 d6 10. dxe5 Nxe5 11. Nxe5 dxe5 12. Nd2 Bc5 13. h3 Bb7 14. Qe2 Qd4 15.
Bc4 Ba7 16. Bd3 Qd6 17. Nc4 Qe7 18. Na5 c6 19. Be3 Bxe3 20. Qxe3 Nh5 21. Nxb7
Qxb7 22. Qg5 Nf4 23. Qxe5 Nxd3 24. cxd3 Rfe8 25. Qc5 Re6 26. Rad1 Rae8 27. Re3
Re5 28. Qc4 Rg5 29. d4 a5 30. f4 Rg6 31. e5 Qd7 32. d5 cxd5 33. Rxd5 Qf5 34.
Kh2 Qb1 35. Rd7 Qf5 36. Qd4 Qc2 37. Rg3 Rxg3 38. Kxg3 Qxa4 39. Qd5 Rf8 40. e6
fxe6 41. Qxe6+ Kh8 42. Qf7 Rg8 43. f5 Qc6 44. Qe6 Qc5 45. Kh2 Qf2 46. Qe5 h6
47. Rd6 Kh7 48. Rg6 a4 49. Qe4 Kh8 50. f6 Qd2 51. Qe5 Qd7 52. f7 1-0

[Event "Deutsche Ländermeisterschaft 2013"]
[Site "Hannover GER"]
[Date "2013.10.06"]
[Round "7"]
[White "Beeck, Mats"]
[Black "Hinrichs, Lars"]
[Result "1/2-1/2"]
[Termination "normal"]
[Board "8.3"]
[WhiteTitle "16"]
[BlackTitle "16"]
[WhiteElo "1832"]
[BlackElo "2037"]
[WhiteTeam "Team Nord"]
[BlackTeam "Hamburg"]
[WhiteFideId "12936944"]
[BlackFideId "12921769"]
[EventCountry "GER"]
[EventRounds "7"]
[EventType "team-swiss"]
[EventDate "2013.10.02"]

1. d4 Nf6 2. c4 g6 3. Nc3 Bg7 4. e4 O-O 5. Nf3 c6 6. Bd3 d6 7. h3 e5 8. d5 Nh5
9. O-O Nf4 10. Bxf4 exf4 11. Qd2 Nd7 12. Qxf4 Ne5 13. Nxe5 Bxe5 14. Qd2 g5 15.
Ne2 Kh8 16. f4 gxf4 17. Rf3 Qg5 18. Nxf4 Bxh3 19. Rxh3 Bxf4 20. Qe2 Be5 21. Rf1
1/2-1/2

[Event "Deutsche Ländermeisterschaft 2013"]
[Site "Hannover GER"]
[Date "2013.10.06"]
[Round "7"]
[White "Rogozenco, Teodora"]
[Black "Mieck, Jale"]
[Result "1-0"]
[Termination "normal"]
[Board "8.4"]
[WhiteTitle "14w"]
[BlackTitle "18"]
[WhiteElo "1884"]
[BlackElo "1678"]
[WhiteTeam "Hamburg"]
[BlackTeam "Team Nord"]
[WhiteFideId "12938084"]
[BlackFideId "12936871"]
[EventCountry "GER"]
[EventRounds "7"]
[EventType "team-swiss"]
[EventDate "2013.10.02"]

1. d4 Nf6 2. Nf3 g6 3. Bg5 Bg7 4. Nbd2 c5 5. Bxf6 Bxf6 6. Ne4 Qb6 7. Nxf6+ Qxf6
8. c3 cxd4 9. cxd4 O-O 10. e3 d6 11. Be2 Bf5 12. O-O Nc6 13. Qb3 Rab8 14. Rac1
Rfc8 15. Rc3 Na5 16. Qb4 Rxc3 17. Qxc3 Nc6 18. Rc1 a6 19. Qb3 Be4 20. Nd2 Qf5
21. Nxe4 Qxe4 22. Bf3 Qe6 23. d5 1-0